Pascal (Record no. 40618)

MARC details
000 -LEADER
fixed length control field 00247nam a2200109Ia 4500
082 ## - DEWEY DECIMAL CLASSIFICATION NUMBER
Classification number 681.31PAS
Item number CHI
100 ## - MAIN ENTRY--AUTHOR NAME
Personal name Chirlian, Paul M
245 #0 - TITLE STATEMENT
Title Pascal
260 ## - PUBLICATION, DISTRIBUTION, ETC. (IMPRINT)
Place of publication Delhi
Name of publisher BPB
Year of publication 1986
942 ## - ADDED ENTRY ELEMENTS (KOHA)
Koha item type Books
Holdings
Withdrawn status Lost status Damaged status Not for loan Home library Current library Date acquired Cost, normal purchase price Full call number Accession Number Koha item type
        RRII Library RRII Library 16/12/2021 36.00 681.31PAS CHI 20916 Books